| 000 | 00601nam a2200169 a 4500 | ||
|---|---|---|---|
| 001 | 000032806 | ||
| 005 | 20200930065838.0 | ||
| 008 | 110726s1942 dr 000 0 spa d | ||
| 040 |
_aDO-SdBNP _bspa _cBNPHU |
||
| 082 |
_axxx _bM516 |
||
| 100 | 1 |
_aMejía, Manuel _9723 |
|
| 245 | 1 | 0 |
_aEl poema de los lirios / _cManuel Mejía. |
| 260 |
_aSan Pedro de Macorís, República Dominicana : _bCervantes, _c1942. |
||
| 300 |
_a84 p. ; _c23 cm. |
||
| 500 | _aHomenaje a la sentida memoria de las tres inolvidables virgenes: Margot Soñé Kidd, Celeste Aida M. Santoni y Ana Rosa Sánchez Noble | ||
| 049 | _aBNPD | ||
| 999 |
_c32297 _d32297 |
||